| 000 | 01809cam a2200565 a 4500 | ||
|---|---|---|---|
| 001 | 73232 | ||
| 005 | 20230410132614.0 | ||
| 008 | 041110r20041948nyu b 000 1 eng | ||
| 010 | _a 2004275122 | ||
| 035 | _a(OCoLC)ocm56890366 | ||
| 040 |
_aDLC _cDLC _dBAKER _dIQU _dOCLCA _dNPL _dNLGGC _dBTCTA _dYDXCP _dSIE _dZWZ |
||
| 019 | _a57352382 | ||
| 020 | _a0142437999 | ||
| 020 | _a9780142437995 | ||
| 029 | 1 |
_aNLGGC _b273913115 |
|
| 029 | 1 |
_aYDXCP _b2154093 |
|
| 029 | 1 |
_aNZ1 _b9207568 |
|
| 029 | 1 |
_aAU@ _b000026780440 |
|
| 029 | 1 |
_aZWZ _b11384249X |
|
| 035 |
_a(OCoLC)56890366 _z(OCoLC)57352382 |
||
| 043 | _afw----- | ||
| 050 | 1 | 4 |
_aPR 6013 _bG799h 2004 |
| 082 | 0 | 0 | _a823/.912 |
| 049 | _aGRAL | ||
| 100 | 1 |
_aGreene, Graham, _d1904-1991. |
|
| 245 | 1 | 4 |
_aThe heart of the matter / _cGraham Greene ; introduction by James Wood. |
| 250 | _aDeluxe ed. | ||
| 260 |
_aNew York : _bPenguin Books, _c2004 |
||
| 300 |
_axviii, 255 p. ; _c22 cm. |
||
| 440 | 0 | _aPenguin classics | |
| 500 | _a"Graham Greene centennial 1904-2004"--Cover. | ||
| 504 | _aIncludes bibliographical references (p. xvii-xviii). | ||
| 650 | 0 |
_aColonial administrators _vFiction. |
|
| 650 | 0 |
_aBritish _zAfrica _vFiction. |
|
| 650 | 0 |
_aMarried people _vFiction. |
|
| 651 | 0 |
_aAfrica, West _vFiction. |
|
| 650 | 0 |
_aCatholics _vFiction. |
|
| 650 | 0 |
_aAdultery _vFiction. |
|
| 655 | 7 |
_aPsychological fiction. _2lcsh |
|
| 655 | 7 |
_aChristian fiction. _2gsafd |
|
| 650 | 7 | _aPsychological fiction. | |
| 650 | 7 | _aChristian fiction. | |
| 650 | 7 |
_aPsychological fiction. _2lcsh |
|
| 938 |
_aBaker and Taylor _bBTCP _n2004275122 |
||
| 938 |
_aYBP Library Services _bYANK _n2154093 |
||
| 938 |
_aBaker & Taylor _bBKTY _c16.00 _d12.00 _i0142437999 _n0006019153 _sactive |
||
| 942 |
_2lcc _cbk |
||
| 994 |
_aC0 _bDRFGD |
||
| 946 | _aRCH | ||
| 999 |
_c84503 _d84503 |
||